LEADER 01432nam a2200337 a 4500 001 000000130422 003 CaOOAMICUS 005 20120926114131.0 008 120926s2012 it oba u000 u ita r 040 $aPUL$bita 041 1 $aita$heng 082 04$a940.1 100 1 $aNicolle, David,$d1944-$0(OLS)http://pul/name/53274 240 10$aCrécy 1346.$lItaliano.$0(OLS)http://pul/title/164829 245 13$aLa battaglia di Crécy /$cDavid Nicolle ; illustrazioni di Graham Turner. 260 $aMilano :$bRBA Italia,$c©2012. 300 $a96 p. :$bill., foto., c. geogr. ;$c25 cm. 490 1 $aBiblioteca Osprey Medioevo ;$v32 500 $aPubblicazione periodica settimanale. 504 $aInclude riferimenti bibliografici e indice. 651 4$aInghilterra$xStoria$ySec. XIV.$0(OLS)http://pul/subject/10131 651 4$aFrancia$xStoria$ySec. XIV.$0(OLS)http://pul/subject/5058 700 1 $aTurner, Graham.$0(OLS)http://pul/name/82283 830 0$aBiblioteca Osprey Medioevo ;$v32.$0(OLS)http://pul/title/162235 850 $aPUL 852 $aPUL$W1$xDP2 Filosofia 3$y112$m940. 1 COLL 3.32$j150933$qDDC 21$B149533$CPULBib$Z2$F149533 $H120763 $82 941 1 $a9 996 $6082$a940.1$9(OLS)http://pul/classification/198 996 $6245$aLa battaglia di Crécy$9(OLS)http://pul/title/164830 996 $6260$aMilano :$bRBA Italia$9(OLS)http://pul/publisher/80118 LEADER 01449nam a2200337 a 4500 001 000000171384 003 CaOOAMICUS 005 20190125143742.0 008 190125s2018 it u000 u ita r 020 $a978-88-1336-616-2* 032 $aLibriCat 040 $aPUL$bita 082 04$a346.4501 100 1 $aZatti, Paolo.$0(OLS)http://pul/name/5978 245 10$aLineamenti di diritto privato /$cPaolo Zatti, Vittorio Colussi ; con la collaborazione di Arianna Fusaro. 250 $a17.ed. 260 $aPadova :$bCEDAM ;$aMilanofiori Assago :$bWolters Kluwer,$c©2018. 300 $aXX, 1152 p.;$c24 cm 500 $aInclude indici. 650 4$aDiritto privato$zItalia$vManuali, trattati, ecc.$0(OLS)http://pul/subject/25157 700 1 $aFusaro, Arianna.$0(OLS)http://pul/name/84318 700 1 $aColussi, Vittorio.$0(OLS)http://pul/name/89062 850 $aPUL 852 $aPUL$W1$xSL Diritto e Scienze Sociali 3$y79$m346. 4501 ZATPA 5$j195077$qDDC 21$B199977$CPULBib$Z2$F199977 $H132138 $81 941 1 $a9 996 $6020$a978-88-1336-616-2*$9(OLS)http://pul/number/165646 996 $6082$a346.4501$9(OLS)http://pul/classification/451 996 $6245$aLineamenti di diritto privato$9(OLS)http://pul/title/152321 996 $6260$aPadova :$bCEDAM$9(OLS)http://pul/publisher/48126 996 $6260$aMilanofiori Assago :$bWolters Kluwer$9(OLS)http://pul/publisher/81463